Numéros 10 des clubs de Premier League (2021-2022) - Statistiques

Statistiques générales
  • Ce quiz a été pris 841 fois
  • Le résultat moyen est 11 sur 20
Statistiques - réponses
Équipe Joueur Nationalité % Correct
Liverpool FC Sadio Mané Sénégal
98%
Chelsea FC Christian Pulisic Etats-Unis
94%
Manchester United Marcus Rashford Anglais
92%
Tottenham Hostpurs Harry Kane Anglais
90%
Manchester City Jack Grealish Anglais
90%
Newcastle United Allan Saint-Maximin Français
78%
Leicester City James Maddison Anglais
78%
Leeds United Raphinha Brésil
65%
Arsenal FC Emil Smith-Rowe Anglais
64%
West Ham United Manuel Lanzini Argentine
63%
Everton FC Gylfi Sigurdsson Islande
62%
Aston Villa Emiliano Buendia Argentine
51%
Brighton & Hove Albion Alexis Mac Allister Argentine
39%
Wolverhampton Wanderers Daniel Podence Portugal
39%
Crystal Palace Eberechi Eze Anglais
32%
Watford FC Joao Pedro Brésil
29%
Southampton FC Ché Adams Ecosse
25%
Burnley FC Ashley Barnes Anglais
14%
Brentford FC Josh Dasilva Anglais
5%
Norwich City Kieran Dowell Anglais
2%
Aucun quiz correspondant
Distribution des résultats
% des personnes avec chaque résultat
Percentile par nombre de réponses
Votre historique - résultats
Vous n’avez pas pris ce quiz